|
|
|
|
| LEADER |
00000nam0a2200000 4500 |
| 001 |
275394 |
| 005 |
20231031230642.0 |
| 020 |
|
|
|a RU
|b 85-86763
|
| 035 |
|
|
|a (RuTPU)RU\TPU\book\298635
|
| 090 |
|
|
|a 275394
|
| 100 |
|
|
|a 20141113d1985 km y0rusy5003 ca
|
| 101 |
0 |
|
|a rus
|
| 102 |
|
|
|a UA
|
| 105 |
|
|
|a a g 000zy
|
| 200 |
1 |
|
|a Сварщику цветных металлов
|e справочное пособие
|f Г. Г. Псарас, А. И. Ежель
|
| 205 |
|
|
|a 2-е изд., перераб. и доп.
|
| 210 |
|
|
|a Донецк
|c Донбас
|d 1985
|
| 215 |
|
|
|a 174 с.
|c ил.
|
| 606 |
1 |
|
|a Сварка
|2 stltpush
|3 (RuTPU)RU\TPU\subj\72770
|
| 610 |
1 |
|
|a цветные металлы
|
| 610 |
1 |
|
|a справочники
|
| 610 |
1 |
|
|a свариваемость
|
| 610 |
1 |
|
|a способы
|
| 610 |
1 |
|
|a дуговая сварка
|
| 610 |
1 |
|
|a сварочные материалы
|
| 610 |
1 |
|
|a сварочное оборудование
|
| 610 |
1 |
|
|a технология
|
| 610 |
1 |
|
|a дефекты
|
| 610 |
1 |
|
|a качество
|
| 610 |
1 |
|
|a рабочее место
|
| 675 |
|
|
|a 621.791:669.2/.8(035)
|z rus
|v 4
|
| 700 |
|
1 |
|a Псарас
|b Г. Г.
|g Геннадий Георгиевич
|4 070
|
| 701 |
|
1 |
|a Ежель
|b А. И.
|g Анатолий Иванович
|4 070
|
| 801 |
|
0 |
|a RU
|b RuMRKP
|c 19950704
|g psbo
|
| 801 |
|
1 |
|a RU
|b 63413507
|c 20141113
|
| 801 |
|
2 |
|a RU
|b 63413507
|c 20170329
|g RCR
|
| 942 |
|
|
|c BK
|